00278nam a2200109 a 4500008004100000050001700041100002400058245002500082260004200107300001000149350000900159120416s1962 ||||||||||||||||| || u aPR 6052.B4W5 aBeaty, David Arthur14aThe wind off the sea aLondonbThe Campanion Book Clubc1962 a271p. a0.00